|
|
|
|
| LEADER |
00000nam2a2200000 4500 |
| 001 |
28847 |
| 005 |
20231101205857.0 |
| 035 |
|
|
|a (RuTPU)RU\TPU\book\29104
|
| 035 |
|
|
|a BOOK00029179
|
| 090 |
|
|
|a 28847
|
| 100 |
|
|
|a 20011209d1991 k y0rusy50 ca
|
| 101 |
0 |
|
|a rus
|
| 102 |
|
|
|a RU
|
| 105 |
|
|
|a y z 001zy
|
| 200 |
0 |
|
|a Вып. 4
|e [сборник]
|f под ред. В. С. Иванова
|
| 210 |
|
|
|d 1991
|
| 215 |
|
|
|a 221 с.
|
| 320 |
|
|
|a Библиогр.: с. 217-221.
|
| 461 |
|
1 |
|0 (RuTPU)RU\TPU\book\296847
|t Синтез и химические превращения полимеров
|o межвузовский сборник
|f Ленинградский государственный университет (ЛГУ)
|v Вып. 4
|d 1977-
|
| 606 |
1 |
|
|a Полимеры
|x Синтез
|2 stltpush
|3 (RuTPU)RU\TPU\subj\50297
|9 69005
|
| 606 |
1 |
|
|a Полимеры
|x Реакции
|2 stltpush
|3 (RuTPU)RU\TPU\subj\50289
|9 69001
|
| 610 |
1 |
|
|a химия
|
| 610 |
1 |
|
|a нефть
|
| 610 |
1 |
|
|a полимеры
|
| 610 |
1 |
|
|a макромолекулярный синтез
|
| 610 |
1 |
|
|a волокнообразующие полимеры
|
| 610 |
1 |
|
|a высокомолекулярные соединения
|
| 675 |
|
|
|a 678.02
|v 3
|
| 702 |
|
1 |
|a Иванов
|b В. С.
|4 340
|
| 801 |
|
0 |
|a RU
|b 63413507
|c 20011209
|g PSBO
|
| 801 |
|
2 |
|a RU
|b 63413507
|c 20170322
|g PSBO
|
| 942 |
|
|
|c BK
|